000 00612nam a2200205 u 4500
005 20220804082318.0
008 100614s1996 r 000 0 eng d
020 _a8478443088
035 _aUPN01000176530
049 _aCG
050 4 _aPR4800 H2
_bT3.4
100 1 _aHood, Tom,
_d1835-1874
245 1 3 _aEl talismán de Pitusilla /
_cTom Hood ; tr. de Mencu Gutiérrez ; il. de F. Barnard.
260 _aMadrid :
_bSiruela,
_c1996.
300 _a149 p. :
_bil.
440 4 _aLas tres edades ;
_v46
534 _pTítulo original:
_tPetsetilla's posy
650 0 _aCuentos ingleses
_913122
905 _aLibro
999 _c148633
_d148633